000
00313nam a22001337a 4500
008
171113b xxu||||| |||| 00| 0 eng d
020
_a
0314696431
041
_a
eng
080
_2
2ND
_a
331.101.262
100
_a
52
101
_a
BNJ
245
_a
HUMAN RELATIONS IN ORGANIZATIONS
_c
COSTLEY,D.L
942
_2
udc
_c
BK
999
_c
38268
_d
38268